书目信息 |
| 题名: |
杜威教育名篇
|
|
| 作者: | 杜威 著 ;赵祥麟 , 王承绪 编译 | |
| 分册: | ||
| 出版信息: | 北京 教育科学出版社 2006 |
|
| 页数: | 324页 | |
| 开本: | 21cm | |
| 丛书名: | 杜威教育丛书 | |
| 单 册: | ||
| 中图分类: | G40-06 | |
| 科图分类: | ||
| 主题词: | ||
| 电子资源: | ||
| ISBN: | 7-5041-3658-1 | |
| 000 | 01097nam0 2200301 450 | |
| 000 | 01114nam0 2200301 450 | |
| 000 | 01045nam0 2200277 450 | |
| 000 | 01009oam2 2200265 45 | |
| 005 | 20070727153657.93 | |
| 010 | @a7-5041-3658-1@dCNY19.80 | |
| 100 | @a20070706d2006 em y0chiy0120 ea | |
| 101 | 1 | @achi@ceng |
| 102 | @aCN@b110000 | |
| 105 | @ay z 000yy | |
| 200 | 1 | @a杜威教育名篇@ADu Wei Jiao Yu Ming Pian@f赵祥麟,王承绪编译@FZhao Xiang Lin, Wang Cheng Xu Bian Yi |
| 210 | @a北京@c教育科学出版社@d2006 | |
| 215 | @a324页@d21cm | |
| 225 | 2 | @a杜威教育丛书 |
| 330 | @a本书选译了有代表性和影响较大的教育、哲学著作,按照发表的时间先后,顺序编排,大体上反映了杜威实用主义教育思想的各个方面和整个发展过程。 | |
| 410 | 0 | @12001 @a杜威教育丛书 |
| 600 | 1 | @a杜威@f(1859-1952)@x教育思想@j文集 |
| 600 | 1 | @a杜威@f(1859-1952) |
| 690 | @aG40-06@v4 | |
| 701 | 1 | @c(美)@a杜威@ADu Wei@g(Dewey, John @f1859~1952)@4著 |
| 702 | 0 | @a赵祥麟@AZhao Xiang Lin@f(1906~)@4编译 |
| 702 | 0 | @a王承绪@AWang Cheng Xu@f(1912~)@4编译 |
| 801 | 0 | @aCN@bTAOJIN@c20070727 |
| 905 | @a10447@dG40-06@e451 | |
| 杜威教育名篇/赵祥麟,王承绪编译.-北京:教育科学出版社,2006 |
| 324页;21cm.-(杜威教育丛书) |
| ISBN 7-5041-3658-1:CNY19.80 |
| 本书选译了有代表性和影响较大的教育、哲学著作,按照发表的时间先后,顺序编排,大体上反映了杜威实用主义教育思想的各个方面和整个发展过程。 |
| ● |
| 相关链接 |
|
|
|
|
正题名:杜威教育名篇
索取号:G40-06/451
 
预约/预借
| 序号 | 登录号 | 条形码 | 馆藏地/架位号 | 状态 | 备注 |
| 1 | 0821515 | 208215153 | 第一样本阅览室/ [索取号:G40-06/451] | 在馆 | |
| 2 | 0821516 | 208215162 | 第四借阅区/ [索取号:G40-06/451] | 在馆 | |
| 3 | 0821517 | 208215171 | 第四借阅区/ [索取号:G40-06/451] | 在馆 | |
| 4 | 0821518 | 208215180 | 第四借阅区/ [索取号:G40-06/451] | 在馆 | |
| 5 | 0821519 | 208215199 | 第四借阅区/ [索取号:G40-06/451] | 在馆 |